| 000 | 01070nac a22002771i 4500 | ||
|---|---|---|---|
| 003 | EG-ScBUE | ||
| 005 | 20240826115846.0 | ||
| 008 | 240826s1970 nyua f 001 0 eng d | ||
| 040 |
_aEG-ScBUE _beng _erda _cEG-ScBUE _dEG-ScBUE |
||
| 082 | 0 | 4 |
_a510 _bPIP _222 |
| 100 | 1 |
_a Pipes, Louis A. _q(Louis Albert), _d1910-1971, _eauthor. |
|
| 245 | 1 | 0 |
_aApplied mathematics for engineers and physicists / _cLouis A. Pipes, professor of engineering, University of California, Lawrence R. Harvill, associate professor of engineering science, University of Redlands. |
| 250 |
_aThird edition, _binternational student edition. |
||
| 264 | 1 |
_aNew York : _bMcGraw-Hill, _c[1970] |
|
| 264 | 4 | _cc1970 | |
| 300 |
_a723 pages : _billustrations ; _c24 cm |
||
| 336 |
_2rdacontent _atext _btxt |
||
| 337 |
_aunmediated _2rdamedia _bn |
||
| 338 |
_avolume _bnc _2rdacarrier |
||
| 500 | _aIncludes index. | ||
| 650 | 7 |
_aMathematical physics. _2BUEsh |
|
| 650 | 7 |
_aMechanics, Applied. _2BUEsh |
|
| 655 | _vReading book | ||
| 700 |
_aHarvill, Lawrence R., _eauthor. |
||
| 942 |
_cBB _2ddc |
||
| 999 |
_c4450 _d4450 |
||